| 000 | 00717nam a2200241 a 4500 | ||
|---|---|---|---|
| 999 |
_c7424 _d7424 |
||
| 001 | 7424 | ||
| 003 | BD-JhCC | ||
| 005 | 20180210110110.0 | ||
| 008 | 170930s2002 bg |||| ||a| 000 0 ben d | ||
| 020 | _a9844122546 | ||
| 035 | _a(BD-JhCC)7424 | ||
| 040 |
_aBD-JhCC _dBD-JhCC |
||
| 041 | _aben | ||
| 082 |
_a954.9205 _bISL 2002 |
||
| 100 | _aইসলাম, রফিকুল | ||
| 245 |
_aবিদ্রোহী মার্চ ১৯৭১ / _cরফিকুল ইসলাম |
||
| 260 |
_aঢাকা : _bঅনন্যা, _c2002. |
||
| 300 |
_a১২৮ পৃ. : _c২২ সেমি. |
||
| 650 |
_aRevolution (1971) _zBangladesh |
||
| 651 | _x | ||
| 942 |
_2ddc _cBK |
||